See MIPS run / (Record no. 11092)
[ view plain ]
| 000 -LEADER | |
|---|---|
| fixed length control field | 00965cam a22003014a 4500 |
| 001 - CONTROL NUMBER | |
| control field | 14656425 |
| 005 - DATE AND TIME OF LATEST TRANSACTION | |
| control field | 20201128013548.0 |
| 008 - FIXED-LENGTH DATA ELEMENTS--GENERAL INFORMATION | |
| fixed length control field | 061205t2007 ne ak frb 001 0 eng d |
| 010 ## - LIBRARY OF CONGRESS CONTROL NUMBER | |
| LC control number | 2006287016 |
| 020 ## - INTERNATIONAL STANDARD BOOK NUMBER | |
| International Standard Book Number | 9780120884216 (pbk. : alk. paper) |
| 020 ## - INTERNATIONAL STANDARD BOOK NUMBER | |
| International Standard Book Number | 0120884216 (pbk. : alk. paper) |
| 040 ## - CATALOGING SOURCE | |
| Original cataloging agency | DLC |
| Transcribing agency | DLC |
| Modifying agency | DLC |
| 082 04 - DEWEY DECIMAL CLASSIFICATION NUMBER | |
| Classification number | 004.165 |
| Edition number | 22 |
| Item number | SWE |
| 100 1# - MAIN ENTRY--PERSONAL NAME | |
| Personal name | Sweetman, Dominic. |
| 9 (RLIN) | 2643 |
| 245 10 - TITLE STATEMENT | |
| Title | See MIPS run / |
| Statement of responsibility, etc | Dominic Sweetman. |
| 246 34 - VARYING FORM OF TITLE | |
| Title proper/short title | See MIPS run Linux |
| 250 ## - EDITION STATEMENT | |
| Edition statement | 2nd ed. |
| 260 ## - PUBLICATION, DISTRIBUTION, ETC. (IMPRINT) | |
| Place of publication, distribution, etc | Amsterdam : |
| Name of publisher, distributor, etc | Morgan Kaufmann Publishers / Elsevier, |
| Date of publication, distribution, etc | c.2007. |
| 300 ## - PHYSICAL DESCRIPTION | |
| Extent | xix, 492 p. : |
| Other physical details | forms, tables ; |
| Dimensions | 24 cm. |
| 500 ## - GENERAL NOTE | |
| General note | Index : p. 481-492. |
| 504 ## - BIBLIOGRAPHY, ETC. NOTE | |
| Bibliography, etc | Bibliography : p. 477-479. |
| 650 #0 - SUBJECT ADDED ENTRY--TOPICAL TERM | |
| Topical term or geographic name as entry element | MIPS (Computer architecture) |
| 9 (RLIN) | 2644 |
| 650 #0 - SUBJECT ADDED ENTRY--TOPICAL TERM | |
| Topical term or geographic name as entry element | RISC microprocessors |
| 9 (RLIN) | 844 |
| 650 #0 - SUBJECT ADDED ENTRY--TOPICAL TERM | |
| Topical term or geographic name as entry element | Embedded computer systems |
| General subdivision | Programming |
| 9 (RLIN) | 2646 |
| 653 ## - INDEX TERM--UNCONTROLLED | |
| Resource For college | |
| Arrived date list | January2014 |
| 655 ## - INDEX TERM--GENRE/FORM | |
| Form subdivision | |
| -- | 34232 |
| 942 ## - ADDED ENTRY ELEMENTS (KOHA) | |
| Source of classification or shelving scheme | Dewey Decimal Classification |
| Call number prefix | 004.165 SWE |
| Withdrawn status | Item status | Source of classification or shelving scheme | Damaged status | Not for loan | Vendor | Home library | Current library | Shelving location | Date acquired | Source of acquisition | Total Checkouts | Full call number | Barcode | Date last seen | Koha item type | Total Renewals | Date last borrowed |
|---|---|---|---|---|---|---|---|---|---|---|---|---|---|---|---|---|---|
| Dewey Decimal Classification | Central Library | Central Library | Lower Floor | 22/03/2009 | 004.165 SWE | 000015458 | 15/07/2025 | NB - Book (Non borrowing) | |||||||||
| Dewey Decimal Classification | Central Library | Central Library | Lower Floor | 22/03/2009 | 1 | 004.165 SWE | 000015459 | 15/07/2025 | Book - Borrowing | 2 | 24/12/2018 | ||||||
| Dewey Decimal Classification | Baccah | Central Library | Central Library | Lower Floor | 30/01/2014 | 004.165 SWE | 000035541 | 15/07/2025 | Book - Borrowing |